000 00676nas a2200241 4500
001 BR9701181
003 BR-BrBNA
005 20231205100021.0
007 ta
008 230509b bl.|||p| |||| 00| 00por d
040 _aBR-BrBNA
_bpor
_cBiblioteca Nacional de Agricultura
041 _a(Pt)
072 _aE20
100 1 _aSilva, G.
245 1 _aAdministracao - fruto prometido
650 _aAdministracao Agricola
650 _aFazenda
650 _aExploracao Agricola
650 _aFruticultura
773 0 _tGlobo Rural (Brazil)
_xISSN 0102-6178
_g(Jan 1995), v. 10(111) p. 38-42
_wBR9701181
909 _a202311
_bLúcia
_c55
_dLúcia Elande
942 _2AGRIS
_n0
_cANA
999 _c153927
_d153927